Normal view
MARC view
- Ashna Koser
Entry Personal Name
001 - CONTROL NUMBER
- control field: 108723
003 - CONTROL NUMBER IDENTIFIER
- control field: NUST
005 - DATE AND TIME OF LATEST TRANSACTION
- control field: 20230208101029.0
008 - FIXED-LENGTH DATA ELEMENTS
- fixed length control field: 230208|| aca||aabn | a|a d
040 ## - CATALOGING SOURCE
- Original cataloging agency: NUST
- Transcribing agency: NUST
100 ## - HEADING--PERSONAL NAME
- Personal name: Ashna Koser
670 ## - SOURCE DATA FOUND
- Source citation: Work cat.: (NUST)10872: Ashna Koser, Ae shama e koae jana part 1, 2009
